000 01171cam a22002898i 4500
003 IMU CC
005 20260223115227.0
008 210819s2022 enk b 001 0 eng
020 _a9781032105819
040 _aIMU CC
041 0 _aeng
082 0 0 _223
_a627.98
_bGOO
100 1 _aGoogan, Chris
_eauthor.
_94197
245 1 0 _aMarine corrosion and cathodic protection /
_cChris Googan.
250 _aFirst edition.
260 _aAbingdon, Oxon ;
_bCRC Press,
_c2022.
300 _axl, 520 p.:
_bhbk.;
_c26 cm.
336 _atext
_btxt
_2rdacontent
504 _aIncludes bibliographical references and index.
520 _a"This comprehensive practitioner guide presents CP theory to industry recognised codes for basic and advanced applications to metals, with an outline of subsea coating systems. It covers retrofitting and for internal applications, along with computational modelling, and the management of offshore CP systems"--
650 0 _aOffshore structures
_xProtection.
_94198
650 0 _aCorrosion and anti-corrosives.
_94199
650 0 _aCathodic protection.
_94200
650 0 _aSeawater corrosion.
_94201
856 _yBK
942 _cBK
_2ddc
999 _c10327
_d10327